000 00219nam a22000977a 4500
999 _c16039
_d16039
003 OSt
008 191028b ||||| |||| 00| 0 eng d
100 _aBrothers,K R.
_94499
245 _aShabdhardha rathnakaram
942 _cBK